Old Testament interpretation : (Record no. 8017)

MARC details
000 -LEADER
fixed length control field 01116cam a2200289 a 4500
001 - CONTROL NUMBER
control field 3978984
003 - CONTROL NUMBER IDENTIFIER
control field GBCCL
005 - DATE AND TIME OF LATEST TRANSACTION
control field 20241126110641.0
008 - FIXED-LENGTH DATA ELEMENTS--GENERAL INFORMATION
fixed length control field 950512s1995 tnua b 010 0 eng
010 ## -
-- 95020170
020 ## - INTERNATIONAL STANDARD BOOK NUMBER
International Standard Book Number 068713871X (recycled alk. paper)
040 ## - CATALOGING SOURCE
Original cataloging agency DLC
Transcribing agency DLC
Modifying agency DLC
050 00 -
-- BS1171.2
-- .O43 1995
082 00 - DEWEY DECIMAL CLASSIFICATION NUMBER
Classification number 221.609045
Edition information 20
Item number OLD
245 00 - TITLE STATEMENT
Title Old Testament interpretation :
Remainder of title past, present, and future : essays in honor of Gene M. Tucker /
Statement of responsibility, etc. edited by James Luther Mays, David L. Petersen, and Kent Harold Richards.
260 ## - PUBLICATION, DISTRIBUTION, ETC.
Place of publication, distribution, etc. Nashville :
Name of publisher, distributor, etc. Abingdon Press,
Date of publication, distribution, etc. c1995.
300 ## - PHYSICAL DESCRIPTION
Extent 304 p. :
Other physical details ill. ;
Dimensions 23 cm.
504 ## - BIBLIOGRAPHY, ETC. NOTE
Bibliography, etc. note Includes bibliographical references.
630 00 - SUBJECT ADDED ENTRY--UNIFORM TITLE
Uniform title Bible.
Name of part/section of a work Old Testament
General subdivision Criticism, interpretation, etc.
9 (RLIN) 57
700 1# - ADDED ENTRY--PERSONAL NAME
Personal name Tucker, Gene M.
9 (RLIN) 13981
700 1# - ADDED ENTRY--PERSONAL NAME
Personal name Mays, James Luther.
9 (RLIN) 13982
700 1# - ADDED ENTRY--PERSONAL NAME
Personal name Petersen, David L.
9 (RLIN) 13983
700 1# - ADDED ENTRY--PERSONAL NAME
Personal name Richards, Kent Harold,
Dates associated with a name 1939-
9 (RLIN) 13984
906 ## - LOCAL DATA ELEMENT F, LDF (RLIN)
a 7
b cbc
c orignew
d 1
e ocip
f 19
g y-gencatlg
942 ## - ADDED ENTRY ELEMENTS (KOHA)
Source of classification or shelving scheme Dewey Decimal Classification
Koha item type Books
Koha issues (borrowed), all copies 14
Holdings
Withdrawn status Lost status Source of classification or shelving scheme Damaged status Not for loan Home library Current Library Shelving location Date acquired Source of acquisition Cost, normal purchase price Total checkouts Full call number Barcode Date last seen Date last checked out Copy number Cost, replacement price Price effective from Koha item type
    Dewey Decimal Classification     GRACE BIBLE COLLEGE GRACE BIBLE COLLEGE Biblical Studies 2019-05-14 13 604.00 15 221.609045 OLD 014919 2025-05-01 2025-02-05 c.1 604.00 2019-05-14 Books
© Grace Bible College Library 2025